000 00930cab a2200217 4500
001 ABS57834
008 090401t1997 xxu||||| |||| 00| 0 eng d
035 _a(Sirsi) u81777
041 _aeng
100 _aBrown, P. K.
245 _aWhen is a `tone` established - a paper from the conference Rent into Tone held on the 10 April 1997, at the University of Central England by the RICS Rating Diploma Holders` Section
260 _c1997
350 _a0
490 _aThe Impugner (RICS Rating Diploma Holders` Section)
_v2(3) October 1997, (14)
520 _aConsiders amongst other things, the meaning of `tone of the list`, when is a tone established, the order of dealing with appeals, valuation tribunal decisions, what is the date for tone. Quotes from case law.
650 _aJAFTON PROPERTIES LTD V PRISK (VO)
650 _aTONE OF THE LIST
690 _aRATING AND VALUATION
942 _n0
948 _c29/10/1997
999 _c51562
_d51562